000 00396nam a2200145Ia 4500
008 230917s9999||||xx |||||||||||||| ||und||
040 _e184628
_aMAIN
041 _aEnglish
082 _a363.325 R441S
100 _aRiedel, Bruce
245 0 _aSearch for AL QAEDA: Its leadership, ideology and future
260 _aNew Delhi
_bSupermova Publishers
_c2008
300 _aix, 186 p.
942 _cBK
999 _c161803
_d161803